Шаги к информационному обществу: Реализация флагманской программы ЮНЕСКО в России; Библиотечное дело; № 6

Dades bibliogràfiques
Parent link:Библиотечное дело: ежемесячный журнал.— , 2003-
№ 6.— 2004.— С. 2-5
Autor principal: Демидов А. А. Алексей Александрович
Idioma:rus
Publicat: 2004
Col·lecció:Информация для всех
Matèries:
Format: MixedMaterials Capítol de llibre
KOHA link:https://koha.lib.tpu.ru/cgi-bin/koha/opac-detail.pl?biblionumber=400387

MARC

LEADER 00000naa2a2200000 4500
001 400387
005 20231101065402.0
035 |a (RuTPU)RU\TPU\prd\42684 
035 |a RU\TPU\prd\35216 
090 |a 400387 
100 |a 20060412a2004 k y0rusy50 ca 
101 0 |a rus 
102 |a RU 
200 1 |a Шаги к информационному обществу  |e Реализация флагманской программы ЮНЕСКО в России  |f А. А. Демидов 
225 1 |a Информация для всех 
461 0 |0 (RuTPU)RU\TPU\prd\12643  |t Библиотечное дело  |o ежемесячный журнал  |d 2003- 
463 0 |0 (RuTPU)RU\TPU\prd\26742  |t № 6  |v С. 2-5  |d 2004 
610 1 |a информационное общество 
610 1 |a ЮНЕСКО 
610 1 |a флагманская программа 
610 1 |a реализация 
610 1 |a Россия 
700 1 |a Демидов  |b А. А.  |g Алексей Александрович 
801 1 |a RU  |b 63413507  |c 20050421  |g PSBO 
801 2 |a RU  |b 63413507  |c 20060412  |g PSBO 
942 |c BK